A neoplatonikus irányzat és Michelangelo

Elmentve itt :
Bibliográfiai részletek
Szerző: Panofsky, Erwin
További közreműködők: Ruttkai Veronika
Adatforrás:Philobibl
Forrásdokumentuma:Enigma
9.2002:33. p. 85-141.
Dokumentumtípus: Cikk
Nyelv:magyar
Kulcsszavak:művészetelmélet
Michelangelo
képzőművészet
manierizmus
ábrázolás
kompozíció
neoplatonizmus
LEADER 00562nab a2200193 c 4500
001 bibPHI0044470
005 20200924125303.4
008 130521s2002 hu hun
100 1 |a Panofsky, Erwin 
245 1 2 |a A neoplatonikus irányzat és Michelangelo  |c Erwin Panofsky ; [ford. Ruttkai Veronika] 
695 |a művészetelmélet 
695 |a Michelangelo 
695 |a képzőművészet 
695 |a manierizmus 
695 |a ábrázolás 
695 |a kompozíció 
695 |a neoplatonizmus 
700 1 |a Ruttkai Veronika 
773 0 |t Enigma  |g 9.2002:33. p. 85-141.